| 000 -ლიდერი |
| ფიქსირებული სიგრძის საკონტროლო ველი |
01724nam a22002657a 4500 |
| 003 - საკონტროლო ნომრის იდენტიფიკატორი |
| საკონტროლო ველი |
Ge_BSU |
| 005 - ბოლო ოპერაციის თარიღი და დრო |
| საკონტროლო ველი |
20240711154745.0 |
| 008 - ფიქსირებული სიგრძის მონაცემთა ელემენტები - ზოგადი ინფორმაცია |
| ფიქსირებული სიგრძის საკონტროლო ველი |
240711s2023 ge ||||| |||| 00| 0 geo d |
| 020 ## - წიგნის საერთაშორისო სტანდარტული ნომერი |
| International Standard Book Number |
9789941851636 |
| 041 ## - ენის კოდი |
| Language code of text/sound track or separate title |
geo |
| 080 ## - უნივერსალური ათობითი კლასიფიკაციის ინდექსი |
| Universal Decimal Classification number |
615 დ-22 |
| 100 ## - მთავარი ჩანაწერი - პიროვნების სახელი |
| Personal name |
დარნობიდი, ჯესიკა ა. |
| Relator term |
ავტორი. |
| 9 (RLIN) |
22808 |
| 245 ## - ცნობა სათაურის შესახებ |
| Title |
ფარმაკოლოგია : |
| Remainder of title |
საერთაშორისო მიდგომები ფარმაკოლოგიაში / |
| Statement of responsibility, etc |
ჯესიკა ა. დარნობიდი ; თარგმანის ავტორები: გიგი გორგაძე, ოთარ ქონიაშვილი, გვანცა ხაჩიაშვილი [და სხვა] ; თარგმანის მთ. რედაქტორი ლუიზა გაბუნია. |
| 250 ## - გამოცემის ცნობა |
| Edition statement |
მე-3 გამოცემა. |
| 264 ## - წარმოების, გამოცემის, დისტრიბუციის და სხვა ცნობები |
| გამოცემის, წარმოების, დისტრიბუციის... ადგილი |
თბილისი, |
| გამოცემის, წარმოების, დისტრიბუციის... თარიღი |
2023. |
| 300 ## - ფიზიკური აღწერა |
| Extent |
220, [6] გვ. ; |
| Other physical details |
25 სმ. |
| 500 ## - ზოგადი შენიშვნა |
| General note |
იბეჭდება MCGrawHill Education-ის ნებართვით. |
| 546 ## - LANGUAGE NOTE |
| Language note |
წიგნის საწყისი გვერდი ინგლისურ ენაზე. |
| 653 ## - INDEX TERM--UNCONTROLLED |
| Uncontrolled term |
ფარმაკოლოგია. |
| 653 ## - INDEX TERM--UNCONTROLLED |
| Uncontrolled term |
მედიცინა |
| 700 ## - ADDED ENTRY--PERSONAL NAME |
| Personal name |
გორგაძე, გიგი |
| Relator term |
თარგმნის ავტორი |
| 9 (RLIN) |
22809 |
| 700 ## - ADDED ENTRY--PERSONAL NAME |
| Personal name |
ქონიაშვილი, ოთარ |
| Relator term |
თარგმნის ავტორი და სხვ |
| 9 (RLIN) |
22810 |
| 700 ## - ADDED ENTRY--PERSONAL NAME |
| Personal name |
გაბუნია, ლუიზა |
| Relator term |
თარგმანის მთავარი რედაქტორი |
| 9 (RLIN) |
6288 |
| 942 ## - ADDED ENTRY ELEMENTS (KOHA) |
| Source of classification or shelving scheme |
|
| Koha item type |
წიგნი |